000 00199 a2200097 4500
001 52510
100 _aSiddons A R
245 _aFox's Earth
260 _aLondon
_bFontana
_c
090 _c32997
_d32997
942 _aNUST-CAE
_cM
_c25554
999 _c287583
_d287583